00946nam a22002297a 4500003000500000008004100005020001800046040002200064041000800086082002000094100003200114245005200146250002700198260003600225300003600261336002700297337003300324338002900357505026200386650002700648650004100675BPGM260619b2007 mx ||||| |||| 001 0 spa d a968-845-319-8 aQUERÉTARO bspa aspa042920.72/a G984g aGUITIERREZ GRAGEDA, BLANCA  aQUERÉTARO DEVASTADObFIN DEL SEGUNDO IMPERIO  aPRIMERA EDICION b2007 aQUERÉTARO ; biEQ , c2007 .  a279 páginasc21.4 cm x 17 cm  2rdacontentatextobtxt 2rdamediaasin mediaciónbn 2rdacarrieravolumen bnc aEL LIBRO ANALIZA LA CAÍDA DEL IMPERIO DE MAXIMILIANO DE AUSTRIA EN 1867, PERO NO DESDE LA PERSPECTIVA DE LOS GRANDES HÉROES O LAS ESTRATEGIAS MILITARES, SINO DESDE EL IMPACTO HUMANO, ECONÓMICO Y SOCIAL QUE SUFRIÓ LA POBLACIÓN CIVIL DE QUERÉTARO. aGEOGRAFÍA E HISTORIA aBIOGRAFÍA, GENEALOGÍA, INSIGNIAS